000
00199 a2200097 4500
001
12042
100
_a
Aldington, R.
245
_a
Lawrence of Arabia
260
_a
_b
Collins
_c
090
_c
9294
_d
9294
942
_a
NUST-CAE
_c
M
_c
36149
999
_c
247115
_d
247115